Rutas de libertad 500 años de travesí­a (Record no. 24218)

MARC details
000 -LEADER
campo de control de longitud fija 00405nam a2200133Ia 4500
008 - DATOS DE LONGITUD FIJA--INFORMACIÓN GENERAL
campo de control de longitud fija 231129s9999||||xx |||||||||||||| ||spa||
020 ## - NÚMERO INTERNACIONAL ESTÁNDAR DEL LIBRO
Número Internacional Estándar del Libro 978-958-716-335-3
040 ## - FUENTE DE CATALOGACIÓN
Lengua de catalogación spa
082 ## - NÚMERO DE LA CLASIFICACIÓN DECIMAL DEWEY
Número de clasificación 305.698 B957r
100 ## - ENTRADA PRINCIPAL--NOMBRE DE PERSONA
Nombre de persona Burgos Cantor Roberto
245 #0 - MENCIÓN DEL TÍTULO
Título Rutas de libertad 500 años de travesí­a
264 ## - PRODUCCIÓN, PUBLICACIÓN, DISTRIBUCIÓN, FABRICACIÓN Y COPYRIGHT
Producción, publicación, distribución, fabricación y copyright Bogotá Colombia: Ministerio de Cultura
942 ## - ELEMENTOS DE ENTRADA SECUNDARIOS (KOHA)
Fuente del sistema de clasificación o colocación Clasificación Decimal Dewey
Tipo de ítem Koha
Holdings
Estatus retirado Estado de pérdida Fuente del sistema de clasificación o colocación Estado de daño No para préstamo Biblioteca de origen Biblioteca actual Fecha de adquisición Total de préstamos Signatura topográfica completa Código de barras Visto por última vez Copia número Precio de reemplazo Tipo de ítem Koha Colección Ubicación en estantería
    Clasificación Decimal Dewey     BIBLIOTECA HUGO ANGEL JARAMILLO BIBLIOTECA HUGO ANGEL JARAMILLO 21/07/2025   305.698 B957r 62065 21/07/2025 Ej. 1 21/07/2025 Libros General Colección general
    Clasificación Decimal Dewey     BIBLIOTECA PÚBLICA MUNICIPAL RAMON CORREA MEJIA BIBLIOTECA PÚBLICA MUNICIPAL RAMON CORREA MEJIA 24/01/2013   305.698 B957r 33106 29/11/2023 1 29/11/2023 Libros    
    Clasificación Decimal Dewey     BIBLIOTECA PÚBLICA MUNICIPAL RAMON CORREA MEJIA BIBLIOTECA PÚBLICA MUNICIPAL RAMON CORREA MEJIA 11/07/2018   305.698 B957r 41061 29/11/2023 2 29/11/2023 Libros    

Powered by Koha